waSYKURULI : (Record no. 198265)

MARC details
000 -LEADER
fixed length control field 01120nam a2200289 i 4500
003 - CONTROL NUMBER IDENTIFIER
control field OSt
005 - DATE AND TIME OF LATEST TRANSACTION
control field 20250109152427.0
008 - FIXED-LENGTH DATA ELEMENTS--GENERAL INFORMATION
fixed length control field 250101s2024 my ao gr 000 0 may d
020 ## - INTERNATIONAL STANDARD BOOK NUMBER
International Standard Book Number 9786297564739
Qualifying information paperback
Terms of availability RM 35.00
040 ## - CATALOGING SOURCE
Original cataloging agency PPAK
Language of cataloging eng
Transcribing agency PPAK
Description conventions rda
082 04 - DEWEY DECIMAL CLASSIFICATION NUMBER
Classification number 297.57
Edition number 23
090 00 - LOCALLY ASSIGNED LC-TYPE CALL NUMBER (OCLC); LOCAL CALL NUMBER (RLIN)
Classification number (OCLC) (R) ; Classification number, CALL (RLIN) (NR) 297.57
Feature heading MUZ
Feature heading G
100 0# - MAIN ENTRY--PERSONAL NAME
Personal name Muzayyanah Abdullah,
Titles and words associated with a name Ustazah,
Relator term author.
245 10 - TITLE STATEMENT
Title waSYKURULI :
Remainder of title BUKAN BAHAGIA YANG MEMBUATKAN KITA BERSYUKUR, TETAPI BERSYUKURLAH YANG MEMBUATKAN KITA BAHAGIA /
Statement of responsibility, etc. USTAZAH MUZAYYANAH ABDULLAH, ALFIAH BERKAH.
264 #1 - PRODUCTION, PUBLICATION, DISTRIBUTION, MANUFACTURE, AND COPYRIGHT NOTICE
Place of production, publication, distribution, manufacture Batu Caves, Selangor :
Name of producer, publisher, distributor, manufacturer PTS PUBLISHING HOUSE SENDIRIAN BERHAD,
Date of production, publication, distribution, manufacture, or copyright notice 2024
Date of production, publication, distribution, manufacture, or copyright notice ©2024
300 ## - PHYSICAL DESCRIPTION
Extent 229 pages :
Other physical details illustrations, photographs ;
Dimensions 21 cm
336 ## - CONTENT TYPE
Content type term text
Source rdacontent
Content type term still image
Source rdacontent
337 ## - MEDIA TYPE
Media type term unmediated
Source rdamedia
338 ## - CARRIER TYPE
Carrier type term volume
Source rdacarrier
500 ## - GENERAL NOTE
General note Contains versus from the Qur'an and quotes from the Hadith.
650 10 - SUBJECT ADDED ENTRY--TOPICAL TERM
Topical term or geographic name entry element Religious life
General subdivision Conduct of life
-- Islam
Topical term or geographic name entry element Islam
General subdivision Customs and practices
700 0# - ADDED ENTRY--PERSONAL NAME
Personal name Alfiah Berkah,
Relator term author.
942 ## - ADDED ENTRY ELEMENTS (KOHA)
Source of classification or shelving scheme Dewey Decimal Classification
Koha item type Book
Holdings
Withdrawn Not for loan Current library Shelving location Date acquired Total Checkouts Full call number Barcode Date last seen Koha item type Date last checked out
    Perpustakaan Alor Setar Pinjaman Dewasa 22/01/2025   297.57 MUZ A01855459 22/01/2025 Book  
    Perpustakaan Awam Sungai Petani Pinjaman Dewasa 22/01/2025   297.57 MUZ A01855460 22/01/2025 Book  
    Perpustakaan Baling Pinjaman Dewasa 22/01/2025 1 297.57 MUZ A01855463 02/08/2025 Book 12/07/2025
    Perpustakaan Bandar Baharu Pinjaman Dewasa 22/01/2025   297.57 MUZ A01855464 22/01/2025 Book  
    Perpustakaan Jitra Pinjaman Dewasa 22/01/2025   297.57 MUZ A01855461 22/01/2025 Book  
    Perpustakaan Kulim Pinjaman Dewasa 22/01/2025   297.57 MUZ A01855462 22/01/2025 Book  
    Perpustakaan Merbok Pinjaman Dewasa 22/01/2025   297.57 MUZ A01855465 22/01/2025 Book